Structural Analysis (Record no. 6292)

MARC details
000 -LEADER
fixed length control field 00282nam a2200121Ia 4500
008 - FIXED-LENGTH DATA ELEMENTS--GENERAL INFORMATION
fixed length control field 191201s2011 xx 000 0 und d
100 ## - MAIN ENTRY--PERSONAL NAME
Personal name PRASAD,V.S.
245 #0 - TITLE STATEMENT
Title Structural Analysis
260 ## - PUBLICATION, DISTRIBUTION, ETC. (IMPRINT)
Place of publication, distribution, etc N. Delhi
Name of publisher, distributor, etc Galgotia
Date of publication, distribution, etc 2011
300 ## - PHYSICAL DESCRIPTION
Extent 546
650 ## - SUBJECT ADDED ENTRY--TOPICAL TERM
Topical term or geographic name as entry element B.Tech(CE)
942 ## - ADDED ENTRY ELEMENTS (KOHA)
Source of classification or shelving scheme Dewey Decimal Classification
Koha item type Text Books
Holdings
Withdrawn status Lost status Source of classification or shelving scheme Damaged status Not for loan Collection code Home library Current library Date acquired Source of acquisition Cost, normal purchase price Bill Number Total Checkouts Full call number Acc. no. / Barcode Date last seen Actual Cost, discounted price Bill Date Koha item type Date last borrowed
    Dewey Decimal Classification     B.Tech(CE) PIET C-LIBRARY PIET C-LIBRARY 03/10/2015 KIRTI PRAKASHAN, NEW DELHI 280.00 IN2284   624.171 PRS 25933 04/12/2019 173.60 28/02/2015 Text Books  
    Dewey Decimal Classification     B.Tech(CE) PIET C-LIBRARY PIET C-LIBRARY 03/10/2015 KIRTI PRAKASHAN, NEW DELHI 280.00 IN2284 2 624.171 PRS 25934 03/01/2022 173.60 28/02/2015 Text Books 28/12/2021
    Dewey Decimal Classification     B.Tech(CE) PIET C-LIBRARY PIET C-LIBRARY 03/10/2015 KIRTI PRAKASHAN, NEW DELHI 280.00 IN2284 1 624.171 PRS 25935 23/04/2025 173.60 28/02/2015 Text Books 09/04/2025
    Dewey Decimal Classification     B.Tech(CE) PIET C-LIBRARY PIET C-LIBRARY 03/10/2015 KIRTI PRAKASHAN, NEW DELHI 280.00 IN2284 1 624.171 PRS 25936 08/03/2021 173.60 28/02/2015 Text Books 13/03/2020
    Dewey Decimal Classification     B.Tech(CE) PIET C-LIBRARY PIET C-LIBRARY 03/10/2015 KIRTI PRAKASHAN, NEW DELHI 280.00 IN2284   624.171 PRS 25937 04/12/2019 173.60 28/02/2015 Text Books  

Design & Developed by: PIET Central Library
R70 Miles Stone Pattikalyana Samalkha Panipat 132102
mail ID :- [email protected], Phone No:- 0180-2569700 Ex.216